<?xml version="1.0" encoding="UTF-8"?>
<marc:record xmlns:marc="http://www.loc.gov/MARC21/slim">
   <marc:leader>00000nam a2200000 a 4500</marc:leader>
   <marc:datafield ind1="1" ind2=" " tag="100">
      <marc:subfield code="a">Schneider, Liane</marc:subfield>
      <marc:subfield code="4">aut</marc:subfield>
      <marc:subfield code="e">Verfasser/-in</marc:subfield>
   </marc:datafield>
   <marc:datafield ind1=" " ind2=" " tag="653">
      <marc:subfield code="a">Fahrrad</marc:subfield>
   </marc:datafield>
   <marc:datafield ind1=" " ind2=" " tag="653">
      <marc:subfield code="a">Conni</marc:subfield>
   </marc:datafield>
   <marc:datafield ind1=" " ind2=" " tag="653">
      <marc:subfield code="a">Antolin Klasse-1</marc:subfield>
   </marc:datafield>
   <marc:datafield ind1="0" ind2="0" tag="245">
      <marc:subfield code="a">Conni lernt Rad fahren</marc:subfield>
   </marc:datafield>
   <marc:datafield ind1=" " ind2="1" tag="264">
      <marc:subfield code="b">Carsen Verlag</marc:subfield>
      <marc:subfield code="c">1999</marc:subfield>
   </marc:datafield>
   <marc:datafield ind1="1" ind2=" " tag="490">
      <marc:subfield code="a">Lesemaus</marc:subfield>
   </marc:datafield>
   <marc:datafield ind1="1" ind2=" " tag="520">
      <marc:subfield code="a">Hurra, Conni bekommt ein eigenes Fahrrad! Jetzt muss sie nur noch lernen, damit zu fahren. Das hat sie sich jedoch einfacher vorgestellt… Aber bald kann Conni es so gut, dass Papa und Mama mit ihr am Sonntag eine Fahrradtour machen. Jetzt muss nur noch Jakob im Kindersitz sitzen. Conni fährt ohne Stützräder auf ihrem neuen Rad. Und wenn Mama die Hand ausstreckt, um zu zeigen, dass sie abbiegen will, kann Conni das auch schon. LESEMAUS – Geschichten, die die Welt erklären! Die Bilderbücher für Kinder ab 3 Jahren sind ideal zum gemeinsamen Anschauen und Vorlesen. Verständliche Texte und hochwertige Illustrationen vermitteln erstes Sachwissen zu wichtigen Themen aus dem Kinderalltag. Empfohlen von der Stiftung Lesen.</marc:subfield>
   </marc:datafield>
   <marc:datafield ind1=" " ind2=" " tag="020">
      <marc:subfield code="a">9783551086488</marc:subfield>
      <marc:subfield code="9">9783551086488</marc:subfield>
   </marc:datafield>
</marc:record>
